000 00546nam a2200205Ia 4500
003 OSt
005 20230602113524.0
008 210423s2006 xx 000 0 und d
040 _cAL
041 _aeng
082 _a305.56
_223
_bKUMD
100 _aKUMAR (Narendra);RAI (Manoj)
_9118837
245 _aDalit leadership in panchayats
260 _aDelhi
_bRawat Publications
_c2006
365 _b525
_cINR
650 _aSocial Classes
_9118838
650 _aSociology
_9118839
906 _aDalit ; leadership ; panchayats
942 _2ddc
_cBK
999 _c174772
_d174772